000 00267nam a2200121Ia 4500
005 20251222155146.0
008 251222s9999||||xx |||||||||||||| ||spa||
082 _aSOC.63
100 _aBARRIO B.
245 0 _aNuevo código penal
264 _bNo tiene
942 _cLIB
999 _c39395
_d39395